Statistics for Districts of Kerala , India

Click here to take the quiz!

General Stats

  • This quiz has been taken 679 times
  • The average score is 6 of 14

Answer Stats

HintAnswer% Correct
Thiruvananthapuram
72%
Kozhikode
55%
Kollam
54%
Kottayam
49%
Thrissur
46%
Kannur
45%
Idukki
39%
Palakkadu
38%
Wayanaad
38%
Pathanamthitta
30%
Malappuram
29%
Aalappuzha
27%
Eranakulam
15%
Kasargode
14%

Score Distribution

Percentile by Number Answered

Percent of People with Each Score

Your Score History

You have not taken this quiz